Electric Energy : (Record no. 13729)
[ view plain ]
| 000 -LEADER | |
|---|---|
| fixed length control field | 01369cam a2200325 a 4500 |
| 001 - CONTROL NUMBER | |
| control field | 15189864 |
| 005 - DATE AND TIME OF LATEST TRANSACTION | |
| control field | 20090831114236.0 |
| 008 - FIXED-LENGTH DATA ELEMENTS--GENERAL INFORMATION | |
| fixed length control field | 080222s2009 fluab b 001 0 eng |
| 010 ## - LIBRARY OF CONGRESS CONTROL NUMBER | |
| LC control number | 2008008269 |
| 020 ## - INTERNATIONAL STANDARD BOOK NUMBER | |
| International Standard Book Number | 9781420062199 |
| 020 ## - INTERNATIONAL STANDARD BOOK NUMBER | |
| International Standard Book Number | 1420062190 |
| 035 ## - SYSTEM CONTROL NUMBER | |
| System control number | (OCoLC)ocn212376028 |
| 035 ## - SYSTEM CONTROL NUMBER | |
| System control number | (OCoLC)212376028 |
| 040 ## - CATALOGING SOURCE | |
| Original cataloging agency | DLC |
| Transcribing agency | DLC |
| Modifying agency | BAKER |
| -- | UKM |
| -- | YDXCP |
| -- | BTCTA |
| -- | C#P |
| -- | BWX |
| -- | CDX |
| -- | DLC |
| 050 00 - LIBRARY OF CONGRESS CALL NUMBER | |
| Classification number | TK7881.15 |
| Item number | .E525 2009 |
| 082 00 - DEWEY DECIMAL CLASSIFICATION NUMBER | |
| Edition number | 22 |
| Classification number | 621.3 |
| Item number | ELS |
| 100 1# - MAIN ENTRY--PERSONAL NAME | |
| Personal name | El-Sharkawi, Mohamed A. |
| 9 (RLIN) | 12880 |
| 245 10 - TITLE STATEMENT | |
| Title | Electric Energy : |
| Remainder of title | An Introduction / |
| Statement of responsibility, etc | Mohamed A. El-Sharkawi. |
| 250 ## - EDITION STATEMENT | |
| Edition statement | 2nd ed. |
| 260 ## - PUBLICATION, DISTRIBUTION, ETC. (IMPRINT) | |
| Place of publication, distribution, etc | Boca Raton : |
| Name of publisher, distributor, etc | CRC Press, |
| Date of publication, distribution, etc | c2009. |
| 300 ## - PHYSICAL DESCRIPTION | |
| Extent | xx, 470 p. : |
| Other physical details | ill. (some col.), maps (some col.) ; |
| Dimensions | 27 cm. |
| 490 #0 - Series Statement | |
| Series statement | Power electronics and applications series |
| 504 ## - BIBLIOGRAPHY, ETC. NOTE | |
| Bibliography, etc | Includes bibliographical references and index. |
| 650 #0 - SUBJECT ADDED ENTRY--TOPICAL TERM | |
| Topical term or geographic name as entry element | Power electronics. |
| 9 (RLIN) | 12881 |
| 856 41 - ELECTRONIC LOCATION AND ACCESS | |
| Materials specified | Table of contents only |
| Uniform Resource Identifier | <a href="http://www.loc.gov/catdir/toc/ecip0811/2008008269.html">http://www.loc.gov/catdir/toc/ecip0811/2008008269.html</a> |
| 856 42 - ELECTRONIC LOCATION AND ACCESS | |
| Materials specified | Publisher description |
| Uniform Resource Identifier | <a href="http://www.loc.gov/catdir/enhancements/fy0834/2008008269-d.html">http://www.loc.gov/catdir/enhancements/fy0834/2008008269-d.html</a> |
| 942 ## - ADDED ENTRY ELEMENTS (KOHA) | |
| Source of classification or shelving scheme | Dewey Decimal Classification |
| Item type | Book - Borrowing |
| Withdrawn status | Item status | Source of classification or shelving scheme | Damaged status | Not for loan | Vendor | Home library | Current library | Shelving location | Date acquired | Source of acquisition | Cost, normal purchase price | Serial Enumeration / chronology | Total Checkouts | Full call number | Barcode | Date last seen | Koha item type |
|---|---|---|---|---|---|---|---|---|---|---|---|---|---|---|---|---|---|
| Dewey Decimal Classification | Alahram | Central Library | Central Library | First floor | 17/03/2010 | 486.00 | 28 | 621.3 ELS | 000020253 | 15/07/2025 | Book - Borrowing |